00326nam a22000977a 4500008004100000082001700041245011200058260004000170300001200210440000600222230612b xxu||||| |||| 00| 0 eng d a354.676bGOK a1999/2000 Estimates of Recurrent Expenditure of the Government of Kenya for the Year Ending 30th June, 2000 aNairobi,KenyabGOKcSeptember, 1999 aIX,764p vI